000 01032nam a2200277Ia 4500
003 OSt
005 20221005105736.0
006 a|||||r|||| 00| 0
007 ta
008 221004b |||||||| |||| 00| 0 san d
020 _a9789380190990 (hbk)
_c500
024 _a120897
037 _b320, 23/11/2011, Eastern Book Linkers
_cTextual
040 _aCRL
_cCRL
_bsan
041 _2san
_asan
082 _aQ22:22:g, 152Q1
100 _aझा, मधुसूदन
245 0 _aपुराण निर्माणाधिकरणम्
246 _aPurāṇ nirmāṇādhikaraṇam
260 _aनई दिल्ली
_bसत्यम् पब्लिशिंग हाउस भारत
_c2011
300 _a202पृ0
_ccm.
650 _aधर्म
700 _a सत्यवान कुमार
942 _hQ22:22:g, 152Q1
_cTEXL
_2cc
999 _c1016768
_d1016768